000 00276nam a22001217a 4500
008 170426b xxu||||| |||| 00| 0 eng d
041 _aALB
080 _a547
100 _a12
101 _aSHM
245 _aKURS I SHKURTER I KIMISE ORGANIKE
_cTROJA.P
942 _2udc
_cBK
999 _c12009
_d12009